000 01060cam a2200349 a 4500
001 594416
003 ARRUPE
005 20150128161042.0
008 870911s1987 ilua b 001 0 eng
010 _a 86025102
020 _a0226403173 :
_c$35.00
035 _a(OCoLC)14692604
035 _a(OCoLC)ocm14692604
035 _a(CStRLIN)NYCG87-B74213
035 _a(NNC)594416
040 _dNNC
_cArrupe
050 0 _aB105.M4
_bJ64 1987
082 0 _a121/.68
_219
090 _aB105.M4
_bJ64 1987
100 1 _aJohnson, Mark,
_d1949-
_914683
245 1 4 _aThe body in the mind :
_bthe bodily basis of meaning, imagination, and reason /
_cMark Johnson.
260 _aChicago :
_bUniversity of Chicago Press,
_c1987.
263 _a8706
300 _axxxviii, 233 p. :
_bill. ;
_c24 cm.
504 _aIncludes bibliographical references and index.
650 0 _aMeaning (Philosophy)
_93257
650 0 _aImagination (Philosophy)
_911423
650 0 _aReason.
_914684
650 0 _aMetaphor.
_911427
942 _2lcc
_cMONOGRAPH
999 _c121909
_d121909